Sports Quiz

Random Sports Quiz

New York Yankees w/ 100+ HR's (Slideshow) Quiz Stats

Quiz not verified by Sporcle

Score 0/40 Timer 08:00
0 Plays Today
% Correct
Babe Ruth
99.7%
Alex Rodriguez
98.3%
Lou Gehrig
97.3%
Jorge Posada
97%
Mickey Mantle
96.7%
Bernie Williams
96%
Derek Jeter
95.9%
Joe DiMaggio
92.7%
Don Mattingly
92.3%
Yogi Berra
91.9%
Roger Maris
91.7%
Jason Giambi
91.4%
Reggie Jackson
91.1%
Robinson Cano
91%
Hideki Matsui
89.5%
Tino Martinez
86.6%
Paul O'Neill
85.8%
Dave Winfield
83.8%
Mark Teixeira
81.9%
Curtis Granderson
81.3%
% Correct
Thurman Munson
80.6%
Nick Swisher
78.9%
Alfonso Soriano
78%
Graig Nettles
72.5%
Bobby Murcer
52.5%
Bill Dickey
51.2%
Elston Howard
48.5%
Bill 'Moose' Skowron
41.1%
Tony Lazzeri
39.9%
Roy White
37.6%
Joe Pepitone
37.2%
Hank Bauer
29.5%
Mike Pagliarulo
26.6%
Bob Meusel
26.1%
Joe Gordon
22.7%
Charlie Keller
22.6%
Tom Tresh
21.7%
Tommy Henrich
21.4%
Gil McDougald
19.1%
George Selkirk
8.5%

You're not logged in!

Compare scores with friends on all Sporcle quizzes.
Sign Up with Email
OR
Log In

You Might Also Like...

Show Comments

Extras

Top Quizzes Today


Score Distribution

Your Account Isn't Verified!

In order to create a playlist on Sporcle, you need to verify the email address you used during registration. Go to your Sporcle Settings to finish the process.